000 00641nam a22002537a 4500
003 UA-OsUOA
001 25145
007 ta
008 20040317b un ||||| |||| 00| 0 ukr d
100 _aКарпенко Д. О.
090 _a349.2(042.4)
_bК26
942 _cBK
040 _aUA-OsUOA
_bukr
_cUA-OsUOA
_dUA-OsUOA
245 _aТрудове право України
_bкурс лекцій
300 _a284 с.
955 _a2
041 _aukr
080 _a349.2(042.4)
020 _a966-7312-73-9
260 _aК.
_bМАУП
_c1999
044 _aUA
650 7 _a349.2 Трудове право
_2UDC
999 _c311437
_d311437